La organización departamental en las universidades.

Guardado en:
書目詳細資料
主要作者: Meneses Morales, Ernesto (autor)
格式: 未知
語言:西班牙语
主題:
在線閱讀:Ver documento en línea
標簽: 添加標簽
沒有標簽, 成為第一個標記此記錄!

MARC

LEADER 00000c**#a2200000ua#4500
001 000498858
003 DLC
005 20260415000000.0
008 070820c^^^^9999^^^^r1^^^^^^^^0^^^^0spa^d
009 20260415094015.651
022 |a 01851284 
035 |a FCE 000042902 
037 |a Acervo ITESO - Biblioteca 
041 |a spa 
095 |a RLEE  |b 71-3-75 
100 |a Meneses Morales, Ernesto  |e (autor) 
245 1 0 |a La organización departamental en las universidades. 
264 |a México :  |b Centro de Estudios Educativos,  |c 1971. 
336 |a texto  |b txt  |2 rdacontenido 
337 |a sin mediación  |b n  |2 rdamedio 
338 |a volumen  |b nc  |2 rdasoporte 
649 |a XX 
650 |a Educación superior 
650 |a Teoría 
650 |a Universidad 
650 |a Administración escolar 
650 |a Organización escolar 
650 |a Departamentos (escuela) 
740 |g vol. 1, no.3, 1971, pp. 75-86  |t Revista Latinoamericana de Estudios Educativos. Artículos, 
856 4 0 |u https://www.cee.edu.mx/rlee/revista/r1971_1980/r_texto/t_1971_3_4.pdf  |y Ver documento en línea 
910 |a Fondo Centro de Estudios Educativos 
920 |a Impresos - Libros 
930 |a Fondos Especiales 
905 |a 133 
902 |a https://opac.biblio.iteso.mx/vufind/Record/000498858